000 00309nam a22001337a 4500
008 170606b xxu||||| |||| 00| 0 eng d
020 _a0876091745
041 _aeng
080 _a94
100 _a18
101 _aSHH
245 _aDEMOCRACY AND VIOLENCE IN INDIA AND SRI LANKA
_cAUSTIN,D
942 _2udc
_cBK
999 _c16073
_d16073